Statistics for Outer Banks characters and trivia

Click here to take the quiz!

General Stats

  • This quiz has been taken 143 times
  • The average score is 8 of 20

Answer Stats

HintAnswer% Correct
Father of main character, played by Charles HalfordBig John
100%
Who said this quote- “Until I see a body, I’m not giving up.”John B
100%
Princess of the Kooks, played by Madelyn ClineSarah Cameron
65%
Older brother of Kook princess, played by Drew StarkeyRafe Cameron
60%
Father of ^, played by Charles EstenWard Cameron
54%
Other sister of ^, played by Julia AntonelliWheezie Cameron
54%
His best friend, played by Rudy PankowJJ Maybank
52%
Smart Pogue, played by Jonathan DavissPope Heyward
49%
How old is John B in Season 1?17
47%
Main character, leader of the Pogues, played by Chase StokesJohn B Routledge
46%
One of the main characters, known as Kie to friendsKiara Carrera
37%
About how old was Chase Stokes in Season 1 of Outer Banks?28
32%
When is the 4th season coming out?2024
30%
What is the name of the famous shipwreck that contains the gold?The Royal Merchant
27%
What is the name of the wealthy part of Outer Banks?Figure Eight
23%
Ex boyfriend of Kook princess, also a Kook, played by Austin NorthTopper Thornton
23%
Where was Outer Banks filmed?South Carolina
14%
What is Tanneyhill Plantation?The Cameron estate
3%
What skill did Madelyn Cline have to learn for Season 2?Drive a stick shift
1%
How did Ward "die" in Episode 6?He blew his boat up
1%

Score Distribution

Percentile by Number Answered

Percent of People with Each Score

Your Score History

You have not taken this quiz